Mapa de las lenguas de Francia - Estadísticas

Estadísticas generales
  • Esta prueba ha sido intentada 120 veces
    119 desde el último reinicio
  • La puntuación promedio es 7 de 10
Respuestas en el mapa
Las respuestas están codificadas por una escala verde-roja en el mapa de la prueba según el % correcto abajo.
 
Estadísticas de respuestas
Respuesta % Correcto
Francés
99%
Catalán
86%
Occitano
84%
Bretón
81%
Euskera
81%
Corso
75%
Flamenco
67%
Franco-Provenzal
44%
Alsaciano
41%
Fráncico Lorenés
22%
No se encontraron pruebas coincidentes
Distribución de puntuación
Porcentaje de gente con cada puntuación
Porcentaje por número respondido
Historial de tus puntuaciones
No has intentado esta prueba desde el último reinicio